Construcción y pruebas de un generador de Hidrogeno de Celdas Secas aplicado en un motor 1, 100 c.c., gasolina

El estudio aborda la construcción y prueba de un generador de hidrogeno de celdas secas aplicado en un motor 1, 100 cm3 gasolina. El mismo se trata de la producción de hidrogeno y oxigeno por separado, el generador toma una corriente eléctrica modulada para producir la electrolisis del agua.

Bibliographic Details
Main Authors: Rocha García, Rafael Antonio, Mercado Betanco, Jason Eliazer, Guevara Porras, Alvaro Moisés
Other Authors: Tutor: Castillo Rayo, María Teresa
Format: Tesis Section = Libro
Language:Undetermined
Spanish
Published: Managua UNI 2017
Subjects:
LEADER 01284nam a2200313Ia 4500
008 240830s9999 xx 000 0 und d
040 |a BIBLIOTECA-RUPAP Mon 665.81 R 672 
041 |a spa 
082 |a Mon 665.81 R 672 
100 1 |a Rocha García, Rafael Antonio 
100 1 |b Mercado Betanco, Jason Eliazer 
100 1 |c  Guevara Porras, Alvaro Moisés 
245 1 0 |a Construcción y pruebas de un generador de Hidrogeno de Celdas Secas aplicado en un motor 1, 100 c.c., gasolina 
260 |a Managua  |b UNI  |c 2017 
300 |a 114 p. :il. 
500 |a Contiene: anexos y CD. 
502 |a Tesis (Ingeniero Mecánico)- UNI, 2017. 
520 3 |a El estudio aborda la construcción y prueba de un generador de hidrogeno de celdas secas aplicado en un motor 1, 100 cm3 gasolina. El mismo se trata de la producción de hidrogeno y oxigeno por separado, el generador toma una corriente eléctrica modulada para producir la electrolisis del agua. 
650 7 |a HIDROGENO-PRODUCCION 
650 7 |b HIDROGENOS EN LOS AUTOMOVILES 
650 7 |c COMBUSTIBLE 
650 7 |d MOLECULAS DE AGUA 
650 7 |e GASOLINA6 
650 7 |f ENERGENIA ALTERNATIVA 
650 7 |g MOTORES 
700 1 |a Tutor:  |b Castillo Rayo, María Teresa 
942 |c BK  |2 ddc 
991 |a TESIS 
999 |c 17758